[Event "Roncana op-B 14th"]
[Site "Santa Eulalia de Roncana"]
[Date "2022.10.22"]
[Round "3"]
[White "Berrozpe Gonzalez, Marc"]
[Black "Roca Peralta, Jesus"]
[Result "1-0"]
[WhiteElo "1459"]
[BlackElo "1700"]
[PlyCount "113"]
[EventDate "2022.10.08"]
[EventType "swiss"]
[EventRounds "8"]
[EventCountry "ESP"]
[SourceTitle "EXT 2024"]
[Source "ChessBase"]
[SourceDate "2023.10.10"]
[SourceVersion "1"]
[SourceVersionDate "2023.10.10"]
[SourceQuality "1"]

1. e4 e5 2. Nf3 Nc6 3. Bb5 a6 4. Ba4 Nf6 5. 0-0 Bc5 6. d3 d6 7. h3 h6 8. Re1 0-0 9. c3 Ba7 10. d4 b5 11. Bc2 Nh7 12. dxe5 dxe5 13. Qxd8 Rxd8 14. Nbd2 Be6 15. Nf1 Nf6 16. Ng3 Nd7 17. Be3 f6 18. Bxa7 Nxa7 19. Nf5 Nc6 20. a3 Nc5 21. Rad1 Bc4 22. Ne3 Nd3 23. Bxd3 Rxd3 24. Nxc4 bxc4 25. Rxd3 cxd3 26. Rd1 f5 27. exf5 e4 28. Nd2 Re8 29. Re1 Na5 30. b4 Nb7 31. Rxe4 Rxe4 32. Nxe4 Nd6 33. Nd2 Nb5 34. f4 Nxc3 35. Kf2 Nb5 36. Nb1 Nd4 37. Ke3 Ne2 38. Kxd3 Nxf4+ 39. Ke4 Nxg2 40. a4 Kf7 41. b5 axb5 42. a5 Kf6 43. a6 Nh4 44. a7 Nxf5 45. a8Q b4 46. Qc6+ Kg5 47. Qxc7 g6 48. Qf4+ Kf6 49. Kf3 b3 50. Qb4 h5 51. Kf2 Kg5 52. Qxb3 h4 53. Nd2 Ng3 54. Nf3+ Kh5 55. Qd5+ Nf5 56. Nd4 Kg5 57. Nxf5 1-0